| 000 | 00976nam a22003378a 4500 | ||
|---|---|---|---|
| 004 | data | ||
| 005 | 20260322212045.0 | ||
| 008 | data | ||
| 015 |
_aGBA797761 _2bnb |
||
| 016 | 7 |
_a014458865 _2Uk |
|
| 020 | _a9781740599795 (pbk.) | ||
| 020 | _a1740599799 (pbk.) | ||
| 040 |
_aUKM _cUKM _dMYG _dBTCTA _dYDXCP _dQBX _dMYG |
||
| 041 | 0 |
_afre _afre |
|
| 050 | 4 | _aPC2121.J364 2008 | |
| 082 | 0 | 4 |
_a448.3421 _222 |
| 092 | _a448.3421 J364 2008 REF | ||
| 245 | 1 | 0 |
_aFrench : _bwith 3500-word two-way dictionary |
| 250 | _a3rd ed. | ||
| 260 |
_aLondon : _aLondon : _bLonely Planet, _c2008. |
||
| 300 |
_a258 p. : _bill. ; _c14 cm. |
||
| 336 |
_atext _btxt _2rdacontent |
||
| 337 |
_aunmediated _bn _2rdamedia |
||
| 338 |
_avolume _bnc _2rdacarrier |
||
| 490 | 1 | _aLonely Planet phrasebooks | |
| 500 | _aPrevious ed.: 2003. | ||
| 650 | 0 |
_aFrench language _vConversation and phrase books _xEnglish. |
|
| 655 | 7 |
_aPhrase books. _2lcgft |
|
| 830 | 0 | _aLonely Planet phrasebooks. | |
| 001 | data | ||
| 999 |
_c1068 _d1068 |
||